[Event "Thüringenliga 2015/2016"]
[Site "?"]
[Date "2015.10.25"]
[Round "2"]
[White "Darr, Sascha"]
[Black "Siebarth, Raiko"]
[Result "1/2-1/2"]
[WhiteElo "2066"]
[BlackElo "2205"]
[PlyCount "93"]
[EventDate "2015.??.??"]
[WhiteTeam "SV Jenapharm Jena"]
[BlackTeam "SG Blau-Weiß Stadtilm"]

1. d4 Nf6 2. Nf3 g6 3. g3 Bg7 4. Bg2 O-O 5. O-O d6 6. c4 Nc6 7. Nc3 a6 8. b3
Rb8 9. Bb2 Bd7 10. d5 Na5 11. Nd2 c5 12. Qc2 b5 13. Rab1 Qc8 14. Rfe1 Bh3 15.
Nce4 Nxe4 16. Bxe4 Nb7 17. Bxg7 Kxg7 18. Bg2 Nd8 19. e4 f6 20. Qc3 Nf7 21. f4
Bxg2 22. Kxg2 Qc7 23. Nf3 bxc4 24. bxc4 Rxb1 25. Rxb1 Rb8 26. Rb3 Rxb3 27. axb3
Qb8 28. g4 a5 29. Kf2 Kg8 30. h3 Qc7 31. Ke3 Qb8 32. Kd3 Kg7 33. Kc2 Qb4 34.
Qxb4 axb4 35. Kd3 g5 36. Ke3 h6 37. Ne1 gxf4+ 38. Kxf4 Ne5 39. Nf3 Ng6+ 40. Kg3
Kf7 41. Ne1 Ne5 42. Kf4 Kg6 43. Ke3 h5 44. Kf4 hxg4 45. hxg4 Kg7 46. Nf3 Nd3+
47. Ke3 1/2-1/2

[Event "Thüringenliga 2015/2016"]
[Site "?"]
[Date "2015.10.25"]
[Round "2"]
[White "Schneider, Christian"]
[Black "August, Daniel"]
[Result "1-0"]
[WhiteElo "2181"]
[BlackElo "2011"]
[PlyCount "69"]
[EventDate "2015.??.??"]
[WhiteTeam "SG Blau-Weiß Stadtilm"]
[BlackTeam "SV Jenapharm Jena"]

1. e4 d6 2. d4 Nf6 3. Nc3 e5 4. Nf3 Nbd7 5. Bc4 Be7 6. O-O O-O 7. Re1 c6 8. a4
b6 9. h3 a6 10. Ba2 Rb8 11. Qe2 Bb7 12. Be3 b5 13. axb5 axb5 14. dxe5 dxe5 15.
Red1 Qc7 16. Nh4 Nc5 17. Nf5 b4 18. Qc4 Ne6 19. Na4 Ba8 20. Nxe7+ Qxe7 21. Nc5
Rfe8 22. Nxe6 Qxe6 23. Qxe6 fxe6 24. f3 Kf7 25. Bb3 Re7 26. Bc5 Rd7 27. Rd6 Re7
28. Rdd1 Rd7 29. Rxd7+ Nxd7 30. Bd6 Rd8 31. Ra7 Kf6 32. Bxb4 Rb8 33. Bd6 Rd8
34. Kf2 Kg6 35. Be7 1-0

[Event "Thüringenliga 2015/2016"]
[Site "?"]
[Date "2015.10.25"]
[Round "2"]
[White "Mißbach, Bernd"]
[Black "Neubauer, Andreas"]
[Result "1/2-1/2"]
[WhiteElo "1961"]
[BlackElo "2056"]
[PlyCount "158"]
[EventDate "2015.??.??"]
[WhiteTeam "SV Jenapharm Jena"]
[BlackTeam "SG Blau-Weiß Stadtilm"]

1. Nf3 Nf6 2. g3 g6 3. Bg2 Bg7 4. O-O O-O 5. c4 d6 6. d4 Nbd7 7. Nc3 Re8 8. Qb3
e5 9. e3 a6 10. a4 Rb8 11. Rd1 Qe7 12. Re1 h6 13. h3 Nf8 14. Qd1 c6 15. d5 c5
16. e4 N6h7 17. Bd2 g5 18. Nh2 Ng6 19. Ng4 Nf6 20. Ne3 Qd8 21. Nf5 Nh7 22. Ra3
Qf6 23. Qc2 Ne7 24. Nxe7+ Qxe7 25. Nd1 b5 26. axb5 axb5 27. cxb5 Rxb5 28. Bf1
Rb8 29. Ne3 Nf6 30. Nc4 Bf8 31. Rea1 Qb7 32. Bc3 Bd7 33. Ra6 Ra8 34. Rxa8 Rxa8
35. Rxa8 Qxa8 36. Nb6 Qb7 37. Nxd7 Qxd7 38. Kg2 Qa7 39. f4 gxf4 40. gxf4 Qe7
41. fxe5 dxe5 42. Qe2 Ne8 43. Qg4+ Kh8 44. Qf5 f6 45. Kf3 Nd6 46. Qg4 Qg7 47.
Bd2 Qxg4+ 48. hxg4 Kg7 49. Ba6 Nf7 50. Ke3 Ng5 51. b3 Kf7 52. Bc8 Ke8 53. Ba5
Bd6 54. Bf5 Ke7 55. Kd3 Nf3 56. Kc4 Ke8 57. Kb5 Nd4+ 58. Kc4 Nf3 59. Bc8 Ke7
60. Kc3 Ng5 61. Bf5 Nf3 62. Bb6 Ke8 63. Kc4 Nd2+ 64. Kb5 Nxb3 65. Kc6 Ke7 66.
Kb5 Ke8 67. Kc4 Nd2+ 68. Kc3 Nf3 69. Kc4 Nd2+ 70. Kc3 Nf3 71. Ba5 Ke7 72. Kc4
Ke8 73. Bc3 Ke7 74. Kb5 Nd4+ 75. Bxd4 exd4 76. Kc4 Kd8 77. Be6 Kc7 78. Bf7 Be7
79. Be8 Kd6 1/2-1/2

[Event "Thüringenliga 2015/2016"]
[Site "?"]
[Date "2015.10.25"]
[Round "2"]
[White "George, Tom"]
[Black "Wicklein, Stefan"]
[Result "1-0"]
[WhiteElo "2032"]
[BlackElo "1952"]
[PlyCount "53"]
[EventDate "2015.??.??"]
[WhiteTeam "SG Blau-Weiß Stadtilm"]
[BlackTeam "SV Jenapharm Jena"]

1. e4 c6 2. Nc3 d5 3. f4 dxe4 4. Nxe4 Nf6 5. Nf2 g6 6. Nf3 Bg7 7. g3 Qb6 8. d4
O-O 9. Bg2 Ng4 10. c3 Nxf2 11. Kxf2 f6 12. Re1 e5 13. Qb3+ Qxb3 14. axb3 exd4
15. Nxd4 Na6 16. Rxa6 bxa6 17. Nxc6 Bd7 18. Ne7+ Kh8 19. Bxa8 Rxa8 20. Be3 Rb8
21. b4 Rb7 22. Ra1 Bb5 23. Nc8 g5 24. Nd6 Rd7 25. Nxb5 gxf4 26. gxf4 axb5 27.
Rxa7 1-0

[Event "Thüringenliga 2015/2016"]
[Site "?"]
[Date "2015.10.25"]
[Round "2"]
[White "Zipfel, Frank"]
[Black "Siebarth, Marco"]
[Result "0-1"]
[WhiteElo "2014"]
[BlackElo "1962"]
[PlyCount "80"]
[EventDate "2015.??.??"]
[WhiteTeam "SV Jenapharm Jena"]
[BlackTeam "SG Blau-Weiß Stadtilm"]

1. g3 Nc6 2. Bg2 e5 3. d3 f5 4. e4 fxe4 5. dxe4 Nf6 6. Nc3 Bb4 7. Nge2 O-O 8.
O-O Ne7 9. a3 Bc5 10. Na4 Bb6 11. Nxb6 axb6 12. h3 d6 13. Be3 Be6 14. Kh2 Qd7
15. Qd2 Nc6 16. Nc3 Qf7 17. Nd5 Bxd5 18. exd5 Ne7 19. c4 Nf5 20. Qd3 Nxe3 21.
Qxe3 h6 22. b4 Qh5 23. Kg1 Qg5 24. Qxg5 hxg5 25. Bf3 Ra7 26. a4 Rfa8 27. Bd1
Ne4 28. Rc1 Nd2 29. Re1 Rxa4 30. Bxa4 Nf3+ 31. Kf1 Nxe1 32. Bb5 Nd3 33. Rb1 e4
34. c5 bxc5 35. Bxd3 exd3 36. bxc5 dxc5 37. Ke1 c4 38. Kd2 Ra2+ 39. Kc3 Rc2+
40. Kd4 d2 0-1

[Event "Thüringenliga 2015/2016"]
[Site "?"]
[Date "2015.10.25"]
[Round "2"]
[White "Werner, Justus"]
[Black "Vater, Rainer"]
[Result "1-0"]
[WhiteElo "1887"]
[BlackElo "1886"]
[PlyCount "115"]
[EventDate "2015.??.??"]
[WhiteTeam "SG Blau-Weiß Stadtilm"]
[BlackTeam "SV Jenapharm Jena"]

1. e4 d5 2. exd5 Qxd5 3. Nc3 Qd6 4. d4 Nf6 5. Nf3 a6 6. g3 Bg4 7. h3 Bh5 8. Bf4
Qb6 9. Bg2 e6 10. O-O c6 11. Re1 Be7 12. Na4 Qa5 13. c4 Nbd7 14. a3 Qf5 15. Qb3
Bxf3 16. Qxf3 g5 17. Bd2 Qc2 18. Qc3 Qxc3 19. Nxc3 Rg8 20. d5 cxd5 21. cxd5 e5
22. b4 Bd6 23. Rac1 h6 24. Na4 Ke7 25. Nc5 Rab8 26. Be3 Nb6 27. Red1 Nfd7 28.
a4 Na8 29. Rc2 Nc7 30. Rdc1 Nf6 31. Rd1 Rgc8 32. Rcd2 b6 33. Nb3 Nfe8 34. Rc2
Bxb4 35. Rc6 Nd6 36. Rxb6 Rxb6 37. Bxb6 Na8 38. Be3 Rc3 39. Rb1 a5 40. Bf1 Nf5
41. Bd2 Rc7 42. Bxb4+ axb4 43. Nd2 Nb6 44. Rxb4 Nxd5 45. Rb5 Rd7 46. Nc4 f6 47.
a5 Nd4 48. Rb2 Nf3+ 49. Kg2 e4 50. a6 Ne1+ 51. Kg1 Nf3+ 52. Kh1 Nc7 53. Ne3 Nd2
54. Be2 Nf3 55. Rb7 Nd4 56. Bg4 Nde6 57. a7 Nc5 58. Rxc7 1-0

[Event "Thüringenliga 2015/2016"]
[Site "?"]
[Date "2015.10.25"]
[Round "2"]
[White "Rauhut, Frank"]
[Black "Berner, Stephan"]
[Result "0-1"]
[WhiteElo "1890"]
[BlackElo "1865"]
[PlyCount "66"]
[EventDate "2015.??.??"]
[WhiteTeam "SV Jenapharm Jena"]
[BlackTeam "SG Blau-Weiß Stadtilm"]

1. d4 Nf6 2. c4 e6 3. Nf3 Be7 4. Nc3 d5 5. Bg5 O-O 6. e3 a6 7. cxd5 exd5 8. Bd3
Nbd7 9. O-O c6 10. Rb1 h6 11. Bh4 Ne4 12. Bxe7 Qxe7 13. Qc2 f5 14. b4 Ng5 15.
Kh1 Nxf3 16. gxf3 Nf6 17. Ne2 Nh5 18. Rg1 Qh4 19. Ng3 f4 20. Nf5 Qf6 21. Rg6
Qxf5 22. Bxf5 Bxf5 23. Rxg7+ Nxg7 24. e4 Bh7 25. Qb3 Kh8 26. Re1 Rae8 27. e5
Ne6 28. Qc3 Rg8 29. Rg1 Ng5 30. Rg2 Nxf3 31. Qc1 Nh4 32. Rxg8+ Rxg8 33. h3 Be4+
0-1

[Event "Thüringenliga 2015/2016"]
[Site "?"]
[Date "2015.10.25"]
[Round "2"]
[White "Dittrich, Tom"]
[Black "Jung, Florian"]
[Result "0-1"]
[WhiteElo "1766"]
[BlackElo "1772"]
[PlyCount "104"]
[EventDate "2015.??.??"]
[WhiteTeam "SG Blau-Weiß Stadtilm"]
[BlackTeam "SV Jenapharm Jena"]

1. e4 c6 2. d4 d5 3. Nc3 dxe4 4. Nxe4 Bf5 5. Ng3 Bg6 6. h4 h6 7. Nf3 Nd7 8. h5
Bh7 9. Bd3 Bxd3 10. Qxd3 e6 11. Bf4 Ngf6 12. O-O-O Be7 13. Kb1 O-O 14. Ne4 Nxe4
15. Qxe4 Nf6 16. Qe2 Qd5 17. Ne5 Qe4 18. Qxe4 Nxe4 19. Be3 Rfd8 20. g4 c5 21.
dxc5 Bxc5 22. Bxc5 Nxc5 23. f3 Kf8 24. Kc1 Ke7 25. Rxd8 Rxd8 26. Rd1 Rxd1+ 27.
Kxd1 Kf6 28. Nc4 g6 29. hxg6 fxg6 30. Ke2 Na4 31. Ke3 h5 32. gxh5 gxh5 33. Kf4
a6 34. b3 b5 35. Nd2 Nc3 36. a3 Nd5+ 37. Kg3 Ke5 38. c4 Nc3 39. cxb5 axb5 40.
a4 Nxa4 41. bxa4 bxa4 42. Kh4 Kf4 43. Kxh5 a3 44. Nb3 e5 45. Kg6 Kxf3 46. Kf5
e4 47. Nd2+ Ke2 48. Nxe4 Kd3 49. Nc5+ Kc4 50. Ne4 a2 51. Nd2+ Kc3 52. Ne4+ Kb2
0-1

[Event "Thüringenliga 2015/2016"]
[Site "?"]
[Date "2015.10.25"]
[Round "2"]
[White "Pähtz, Thomas"]
[Black "Kölsch, Maximilian"]
[Result "1-0"]
[WhiteElo "2317"]
[BlackElo "2192"]
[PlyCount "57"]
[EventDate "2015.??.??"]
[WhiteTeam "Ilmenauer SV"]
[BlackTeam "SV Schott Jena"]

1. e4 c5 2. Nf3 e6 3. d4 cxd4 4. Nxd4 a6 5. Bd3 Qb6 6. Nb3 Qc7 7. O-O Nf6 8.
Qe2 d5 9. e5 Nfd7 10. f4 Nc6 11. N1d2 Nc5 12. Nf3 Bd7 13. Be3 Nb4 14. Nbd4 g6
15. a3 Nc6 16. b4 Nxd3 17. cxd3 Nxd4 18. Nxd4 Ba4 19. Rac1 Qd7 20. g4 a5 21. f5
axb4 22. fxe6 fxe6 23. axb4 Bxb4 24. Rf6 Be7 25. Nxe6 Bxf6 26. Nc7+ Kf8 27. Qf3
Kg8 28. Nxa8 Bd8 29. Rf1 1-0

[Event "Thüringenliga 2015/2016"]
[Site "?"]
[Date "2015.10.25"]
[Round "2"]
[White "Babrikowski, Peter"]
[Black "Zehnter, Sebastian"]
[Result "0-1"]
[WhiteElo "2102"]
[BlackElo "2196"]
[PlyCount "36"]
[EventDate "2015.??.??"]
[WhiteTeam "SV Schott Jena"]
[BlackTeam "Ilmenauer SV"]

1. d4 Nf6 2. Bg5 e6 3. e3 c5 4. Nf3 Qb6 5. Qc1 Ne4 6. Bh4 Nc6 7. c3 d5 8. Bd3
f5 9. Ne5 cxd4 10. exd4 Nxe5 11. dxe5 Be7 12. Bg3 f4 13. Qxf4 Nc5 14. Bc2 Qxb2
15. Qd2 Qxa1 16. O-O Kd8 17. c4 d4 18. Rd1 Bd7 0-1

[Event "Thüringenliga 2015/2016"]
[Site "?"]
[Date "2015.10.25"]
[Round "2"]
[White "Mehlhorn, Uwe"]
[Black "Dreyer, Michael"]
[Result "1/2-1/2"]
[WhiteElo "2097"]
[BlackElo "2082"]
[PlyCount "99"]
[EventDate "2015.??.??"]
[WhiteTeam "Ilmenauer SV"]
[BlackTeam "SV Schott Jena"]

1. d4 Nf6 2. Nf3 d6 3. Nc3 Nbd7 4. e4 e5 5. Bc4 Be7 6. O-O O-O 7. Re1 c6 8. a4
a5 9. h3 Qe8 10. Be3 Bd8 11. dxe5 dxe5 12. Qd2 Qe7 13. Rad1 Bc7 14. Bg5 Re8 15.
Nh4 g6 16. Qe3 Nf8 17. Qf3 Kg7 18. Ne2 h6 19. Be3 Nh5 20. g4 Ne6 21. Ng2 Nf6
22. Bxe6 Bxe6 23. Ng3 Rh8 24. Bd2 h5 25. Bg5 hxg4 26. hxg4 Bc8 27. Ne3 Qe6 28.
Kg2 Ng8 29. Rh1 Rxh1 30. Rxh1 f6 31. Bh4 Bb6 32. g5 Bxe3 33. gxf6+ Kf7 34. Qxe3
Bd7 35. Bg5 Rf8 36. Qb6 Nxf6 37. Bxf6 Qxf6 38. Qxb7 Ke6 39. Qb3+ Kd6 40. Qe3
Bg4 41. Nf5+ Bxf5 42. Rd1+ Kc7 43. exf5 Qxf5 44. Qa7+ Kc8 45. Qa6+ Kc7 46.
Qxa5+ Kc8 47. Qa6+ Kc7 48. Qa7+ Kc8 49. Qa6+ Kc7 50. Qa7+ 1/2-1/2

[Event "Thüringenliga 2015/2016"]
[Site "?"]
[Date "2015.10.25"]
[Round "2"]
[White "Brömel, Richard"]
[Black "Sukaylo, Aleksey"]
[Result "1/2-1/2"]
[WhiteElo "2064"]
[BlackElo "2051"]
[PlyCount "89"]
[EventDate "2015.??.??"]
[WhiteTeam "SV Schott Jena"]
[BlackTeam "Ilmenauer SV"]

1. d4 Nf6 2. Nf3 d5 3. Bf4 e6 4. e3 Be7 5. Nbd2 O-O 6. Bd3 c5 7. c3 Nc6 8. Ne5
Qe8 9. h4 Nd7 10. Ndf3 f6 11. Nxc6 bxc6 12. Ng5 fxg5 13. hxg5 g6 14. Rxh7 Kxh7
15. Qh5+ Kg7 16. Qh6+ Kg8 17. Bxg6 Rf7 18. O-O-O Bf8 19. Qh5 e5 20. Bh7+ Rxh7
21. Qxe8 exf4 22. Qe6+ Kh8 23. exf4 Nb6 24. Qf6+ Kg8 25. g6 Rg7 26. dxc5 Bxc5
27. Qxc6 Bf8 28. f3 Bd7 29. Qf6 Be7 30. Qd4 Rxg6 31. g4 Rf8 32. Rh1 Rg7 33. f5
Bf6 34. Qf2 Re8 35. Qh2 d4 36. Qh8+ Kf7 37. Qh5+ Kg8 38. Qh8+ Kf7 39. Qh5+ Kf8
40. f4 dxc3 41. b3 Nd5 42. Qh6 Be7 43. Qh8+ Kf7 44. Qh5+ Kf8 45. Qh8+ 1/2-1/2

[Event "Thüringenliga 2015/2016"]
[Site "?"]
[Date "2015.10.25"]
[Round "2"]
[White "Möller, Axel"]
[Black "Bunke, Wilfried"]
[Result "1/2-1/2"]
[WhiteElo "2007"]
[BlackElo "1940"]
[PlyCount "84"]
[EventDate "2015.??.??"]
[WhiteTeam "Ilmenauer SV"]
[BlackTeam "SV Schott Jena"]

1. d4 Nf6 2. Nf3 e6 3. Bg5 Be7 4. e3 d5 5. Bd3 O-O 6. O-O c5 7. dxc5 h6 8. Bh4
Nc6 9. c3 e5 10. Bb5 Bg4 11. Qa4 Bxf3 12. gxf3 Qd7 13. Bg3 Qe6 14. Bxc6 bxc6
15. b4 Nh5 16. Qc2 f5 17. f4 exf4 18. exf4 Qe4 19. Qd2 Bf6 20. Na3 Rfe8 21.
Rae1 Qf3 22. Re3 Rxe3 23. fxe3 Qg4 24. Kg2 Nxg3 25. hxg3 a6 26. Nc2 h5 27. Nd4
h4 28. Qf2 Re8 29. Qf3 Qxg3+ 30. Qxg3 hxg3 31. Kxg3 Rxe3+ 32. Rf3 Bxd4 33. cxd4
Re2 34. Ra3 Rd2 35. Rxa6 Rxd4 36. Rxc6 Rxb4 37. Rd6 d4 38. Kh4 Rc4 39. c6 d3
40. Kg5 d2 41. Kxf5 Rxc6 42. Rxd2 Ra6 1/2-1/2

[Event "Thüringenliga 2015/2016"]
[Site "?"]
[Date "2015.10.25"]
[Round "2"]
[White "Schmidt, Lothar"]
[Black "Töpfer, Albrecht"]
[Result "1/2-1/2"]
[WhiteElo "1855"]
[BlackElo "1977"]
[PlyCount "92"]
[EventDate "2015.??.??"]
[WhiteTeam "SV Schott Jena"]
[BlackTeam "Ilmenauer SV"]

1. d4 Nf6 2. Nf3 g6 3. Bf4 Bg7 4. e3 O-O 5. Nbd2 d6 6. h3 c5 7. c3 Nc6 8. Bh2
cxd4 9. cxd4 Bf5 10. g4 Bd7 11. Be2 Rc8 12. a3 h6 13. O-O Re8 14. Rc1 a6 15. e4
d5 16. exd5 Nxd5 17. Nc4 Be6 18. Nce5 Nxe5 19. Nxe5 Qb6 20. Qd2 Qb3 21. Kg2 Nb6
22. Rc3 Rxc3 23. Qxc3 Rc8 24. Qxb3 Bxb3 25. Bf3 Bd5 26. Bxd5 Nxd5 27. Rb1 Rc2
28. Kf3 e6 29. Bg3 Kf8 30. Ke4 Ke7 31. Kd3 Rc8 32. Nc4 b5 33. Ne3 Nb6 34. Rd1
Bf6 35. Be5 Nc4 36. Nxc4 Rxc4 37. Bxf6+ Kxf6 38. f4 Ke7 39. Rf1 Kd6 40. f5 Kd5
41. fxe6 Rxd4+ 42. Ke3 Re4+ 43. Kd3 Rxe6 44. Rxf7 g5 45. Rf5+ Kc6 46. b4 Kd6
1/2-1/2

[Event "Thüringenliga 2015/2016"]
[Site "?"]
[Date "2015.10.25"]
[Round "2"]
[White "Rempel, Patrick"]
[Black "Seifert, Michael"]
[Result "0-1"]
[WhiteElo "2026"]
[BlackElo "1828"]
[PlyCount "122"]
[EventDate "2015.??.??"]
[WhiteTeam "Ilmenauer SV"]
[BlackTeam "SV Schott Jena"]

1. e4 e6 2. d4 d5 3. Nd2 Nf6 4. e5 Nfd7 5. Bd3 c5 6. c3 Nc6 7. Ne2 Be7 8. Nf3
Qb6 9. O-O O-O 10. Nf4 Re8 11. a3 Nf8 12. Nh5 cxd4 13. cxd4 Bd7 14. b4 Rac8 15.
Be3 a6 16. Ne1 Ng6 17. Qg4 Na7 18. Nf3 Bb5 19. Rfd1 Bxd3 20. Rxd3 Rc7 21. Ng5
Rec8 22. Rad1 Nb5 23. Qh3 h6 24. Nf3 Nc3 25. Re1 Ne4 26. g4 Qb5 27. Rdd1 Rc3
28. Nd2 Nxd2 29. Rxd2 Rxa3 30. Nxg7 Rxe3 31. fxe3 Kxg7 32. Rf1 Bg5 33. Rdf2 Rc7
34. Rf3 Qxb4 35. Qg3 Qf8 36. Qe1 Bh4 37. Qa5 Qc8 38. Qb6 Bd8 39. Qb1 b5 40. Qb4
Nh8 41. Qe1 Ng6 42. Qb4 Rd7 43. Qb2 Qb7 44. Rb1 Be7 45. Rbf1 Bd8 46. Rb1 Rc7
47. Qb4 Rc4 48. Qb2 b4 49. Rbf1 a5 50. Qf2 Rc7 51. Qa2 b3 52. Qa4 b2 53. Rb1
Rc1+ 54. Rf1 Rc4 55. Qe8 Bg5 56. Rxb2 Bxe3+ 57. Kh1 Rb4 58. Re2 Rb1 59. Ree1
Rxe1 60. Rxe1 Bxd4 61. h4 Qe7 0-1

[Event "Thüringenliga 2015/2016"]
[Site "?"]
[Date "2015.10.25"]
[Round "2"]
[White "Jordan, Gunter"]
[Black "Falk, Kristoffer"]
[Result "0-1"]
[WhiteElo "1899"]
[BlackElo "1880"]
[PlyCount "84"]
[EventDate "2015.??.??"]
[WhiteTeam "SV Schott Jena"]
[BlackTeam "Ilmenauer SV"]

1. d4 e6 2. c4 f5 3. Nc3 Nf6 4. g3 Be7 5. Bg2 O-O 6. Nf3 d6 7. O-O Ne4 8. d5
Nxc3 9. bxc3 e5 10. Ne1 Nd7 11. f4 Bf6 12. Qc2 Nb6 13. Qb3 Bd7 14. a4 a5 15.
fxe5 Bxe5 16. Nd3 Qe8 17. c5 Bxa4 18. Qa3 dxc5 19. Qxc5 Bd6 20. Qd4 Bb5 21. Nf4
Qe5 22. Be3 Nc4 23. Bf2 Qxd4 24. Bxd4 Nd2 25. Rfe1 Nb3 26. Rab1 Bc4 27. Ne6 Rf7
28. e4 fxe4 29. Ng5 Re7 30. Nxe4 Rae8 31. Kf2 Nxd4 32. cxd4 Bb4 33. Re3 Rf8+
34. Kg1 Rfe8 35. Bf3 b5 36. Kg2 Kf8 37. Rb2 Bxd5 38. Rf2 Bf7 39. Ng5 Rxe3 40.
Bd5 Re2 41. Nxh7+ Kg8 42. Bxf7+ Kxh7 0-1

[Event "Thüringenliga 2015/2016"]
[Site "?"]
[Date "2015.10.25"]
[Round "2"]
[White "Middelhoff, Cornelius"]
[Black "Seidens, Gunter"]
[Result "0-1"]
[WhiteElo "2093"]
[BlackElo "1861"]
[PlyCount "146"]
[EventDate "2015.??.??"]
[WhiteTeam "TSG Apolda"]
[BlackTeam "VfL 1990 Gera"]

1. d4 d5 2. c4 c6 3. Nf3 Nf6 4. e3 a6 5. Bd3 Bg4 6. Nbd2 Nbd7 7. cxd5 cxd5 8.
O-O e6 9. a4 Bd6 10. a5 O-O 11. h3 Bh5 12. Qa4 Qe7 13. Re1 Rfc8 14. b3 Rc3 15.
Bb1 Rac8 16. Bb2 R3c7 17. Bd3 Bg6 18. Be2 Ne4 19. Nxe4 Bxe4 20. Rec1 Qd8 21.
Rxc7 Rxc7 22. Bd1 h6 23. Rc1 Qc8 24. Rxc7 Qxc7 25. Nd2 Bd3 26. b4 b6 27. axb6
Nxb6 28. Qb3 Bb5 29. Qc3 Qe7 30. Ba3 Nc4 31. Nb1 Nxa3 32. Nxa3 Bxb4 33. Qc8+
Qe8 34. Qc1 Bxa3 35. Qxa3 Qc6 36. Bf3 Qc4 37. Kh2 Qc7+ 38. Kg1 g6 39. e4 dxe4
40. Bxe4 Qf4 41. Qe3 Qxe3 42. fxe3 Kf8 43. Kf2 Ke7 44. Ke1 Kd6 45. g3 e5 46. h4
g5 47. hxg5 hxg5 48. Kd2 exd4 49. exd4 Bc6 50. Bd3 a5 51. Kc3 Bd5 52. Be2 Ke6
53. Bg4+ f5 54. Be2 Kf6 55. Bd3 Ke6 56. Be2 Kf6 57. Bd1 g4 58. Be2 f4 59. Bxg4
fxg3 60. Bh3 Kg5 61. Kb2 Kf4 62. Ka3 Bc6 63. d5 Bb5 64. Bg2 Ke3 65. Bh1 Bd7 66.
Kb3 Kd3 67. Bg2 Be8 68. Bf3 Kd4 69. Bg2 Bf7 70. Ka4 Bxd5 71. Bh3 Ke3 72. Kxa5
Kf2 73. Kb4 Be6 0-1

[Event "Thüringenliga 2015/2016"]
[Site "?"]
[Date "2015.10.25"]
[Round "2"]
[White "Schönfeld, Volker"]
[Black "Goemann, Jens"]
[Result "1/2-1/2"]
[WhiteElo "1898"]
[BlackElo "2073"]
[PlyCount "27"]
[EventDate "2015.??.??"]
[WhiteTeam "VfL 1990 Gera"]
[BlackTeam "TSG Apolda"]

1. e4 e6 2. d4 d5 3. Nd2 c5 4. exd5 exd5 5. Ngf3 Nc6 6. Bb5 c4 7. O-O Bd6 8. b3
cxb3 9. axb3 Nge7 10. Ne5 Qb6 11. Bxc6+ bxc6 12. Ndf3 O-O 13. c4 Qd8 14. Ba3
1/2-1/2

[Event "Thüringenliga 2015/2016"]
[Site "?"]
[Date "2015.10.25"]
[Round "2"]
[White "Rohmeiß, Roberto"]
[Black "Huster, Mike"]
[Result "1-0"]
[WhiteElo "1990"]
[BlackElo "1900"]
[PlyCount "89"]
[EventDate "2015.??.??"]
[WhiteTeam "TSG Apolda"]
[BlackTeam "VfL 1990 Gera"]

1. d4 Nf6 2. c4 e6 3. Nf3 d5 4. Nc3 Be7 5. e3 O-O 6. Bd3 c5 7. O-O Nc6 8. a3 b6
9. Ne5 Bb7 10. cxd5 exd5 11. Qa4 Qc8 12. Bb5 Nxe5 13. dxe5 Ne4 14. f4 Rd8 15.
Nxe4 dxe4 16. Qc2 a6 17. Be2 Qc7 18. Bd2 b5 19. Rac1 Qb6 20. a4 c4 21. Kh1 Bc5
22. Rce1 Rd5 23. Bc1 Bb4 24. Rd1 Rad8 25. Rxd5 Rxd5 26. Rd1 Qd8 27. axb5 axb5
28. Rxd5 Qxd5 29. Qd1 Bc5 30. Qxd5 Bxd5 31. Kg1 b4 32. Kf2 Kf8 33. Bd1 Ke7 34.
h3 f5 35. g4 g6 36. g5 Bc6 37. h4 Ke6 38. Bd2 Bb5 39. Bc1 Kd5 40. Bd2 Bb6 41.
Bxb4 Bc7 42. h5 Bb6 43. hxg6 hxg6 44. b3 Ba6 45. bxc4+ 1-0

[Event "Thüringenliga 2015/2016"]
[Site "?"]
[Date "2015.10.25"]
[Round "2"]
[White "Richter, Sven"]
[Black "Mucha, Annegret"]
[Result "1/2-1/2"]
[WhiteElo "1950"]
[BlackElo "2005"]
[PlyCount "46"]
[EventDate "2015.??.??"]
[WhiteTeam "VfL 1990 Gera"]
[BlackTeam "TSG Apolda"]

1. e4 c5 2. Nf3 d6 3. g3 Nc6 4. Bg2 g6 5. O-O Bg7 6. c3 Nf6 7. Re1 O-O 8. d3
Rb8 9. Nbd2 b5 10. Nf1 b4 11. d4 bxc3 12. bxc3 cxd4 13. cxd4 Bg4 14. Be3 Qd7
15. Rc1 Rfc8 16. d5 Nb4 17. Rxc8+ Rxc8 18. Qb1 Nc2 19. Rc1 Nxe3 20. Rxc8+ Qxc8
21. Nxe3 Bxf3 22. Bxf3 h5 23. Qc2 Qxc2 1/2-1/2

[Event "Thüringenliga 2015/2016"]
[Site "?"]
[Date "2015.10.25"]
[Round "2"]
[White "Carnot, Luca"]
[Black "Manicke, Hans-Joachim"]
[Result "1-0"]
[WhiteElo "1811"]
[BlackElo "1876"]
[PlyCount "87"]
[EventDate "2015.??.??"]
[WhiteTeam "TSG Apolda"]
[BlackTeam "VfL 1990 Gera"]

1. Nf3 Nf6 2. g3 d5 3. Bg2 e6 4. O-O Be7 5. d3 O-O 6. Nbd2 b6 7. e4 dxe4 8. Ng5
c6 9. Ndxe4 Bb7 10. Nxf6+ Bxf6 11. Qh5 h6 12. Ne4 Qe7 13. g4 Nd7 14. Bf4 e5 15.
Be3 Rfe8 16. Ng3 Nf8 17. Nf5 Qd7 18. Be4 Rad8 19. Kh1 c5 20. f3 Bxe4 21. fxe4
Nh7 22. Rg1 c4 23. Bxh6 g6 24. g5 Bh8 25. Qf3 cxd3 26. c3 d2 27. Raf1 Qd3 28.
Ne3 Qd7 29. Nd5 Qb7 30. Qd3 Rxd5 31. exd5 e4 32. Qxd2 e3 33. Qg2 Qd7 34. Qf3 b5
35. Rg2 b4 36. c4 Bd4 37. Re2 Re5 38. Qg3 Re8 39. Rf3 Bc5 40. Rfxe3 Bxe3 41.
Rxe3 Rc8 42. Qe5 f6 43. gxf6 Qf7 44. Qe6 1-0

[Event "Thüringenliga 2015/2016"]
[Site "?"]
[Date "2015.10.25"]
[Round "2"]
[White "Kretzschmar, Bernd"]
[Black "Maiwald, Harald"]
[Result "1/2-1/2"]
[WhiteElo "1850"]
[BlackElo "1922"]
[PlyCount "77"]
[EventDate "2015.??.??"]
[WhiteTeam "VfL 1990 Gera"]
[BlackTeam "TSG Apolda"]

1. e4 c5 2. Nf3 Nc6 3. d3 g6 4. g3 Bg7 5. Bg2 Nf6 6. O-O d5 7. exd5 Nxd5 8.
Nbd2 O-O 9. Re1 e5 10. Nc4 f6 11. a4 Be6 12. c3 Qd7 13. Nfd2 Rad8 14. Ne4 Qe7
15. a5 Nxc3 16. bxc3 Bxc4 17. Nxc5 Qxc5 18. Ba3 Qb5 19. dxc4 Qxc4 20. Qb1 Rf7
21. a6 bxa6 22. Bf1 Qe6 23. Qe4 f5 24. Bc4 Qd7 25. Bxf7+ Kxf7 26. Qc4+ Qe6 27.
Qxa6 e4 28. Rab1 Bxc3 29. Rb7+ Kf6 30. Bb2 Bxb2 31. Rxb2 Rd6 32. Rb7 Ne5 33.
Qa1 Ra6 34. Qb2 Ra2 35. Qd4 Rd2 36. Qa1 Ra2 37. Qd4 Rd2 38. Qa1 Ra2 39. Qd4
1/2-1/2

[Event "Thüringenliga 2015/2016"]
[Site "?"]
[Date "2015.10.25"]
[Round "2"]
[White "Schmidt, Matthias"]
[Black "Fijalkowski, Jürgen"]
[Result "1-0"]
[WhiteElo "1950"]
[BlackElo "1829"]
[PlyCount "49"]
[EventDate "2015.??.??"]
[WhiteTeam "TSG Apolda"]
[BlackTeam "VfL 1990 Gera"]

1. e4 Nf6 2. Nc3 d5 3. e5 Nfd7 4. d4 e6 5. f4 c5 6. Nf3 Nc6 7. Be3 h6 8. Qd2 b6
9. g3 Bb7 10. Bg2 Be7 11. O-O Na5 12. b3 Rc8 13. Ne2 O-O 14. f5 exf5 15. Bh3 g6
16. Bxh6 Re8 17. g4 f4 18. Bxf4 Nf8 19. Ng5 Qd7 20. Nxf7 Kxf7 21. e6+ Nxe6 22.
Be5+ Bf6 23. Rxf6+ Ke7 24. g5 Kd8 25. Nf4 1-0

[Event "Thüringenliga 2015/2016"]
[Site "?"]
[Date "2015.11.08"]
[Round "3"]
[White "Siebarth, Raiko"]
[Black "Pähtz, Thomas"]
[Result "1/2-1/2"]
[WhiteElo "2205"]
[BlackElo "2317"]
[PlyCount "80"]
[EventDate "2015.??.??"]
[WhiteTeam "SG Blau-Weiß Stadtilm"]
[BlackTeam "Ilmenauer SV"]

1. d4 Nf6 2. c4 c5 3. d5 b5 4. cxb5 a6 5. f3 e6 6. e4 exd5 7. e5 Qe7 8. Qe2 Ng8
9. Nc3 Bb7 10. Bf4 g5 11. Bg3 Nh6 12. Qc2 Qe6 13. Nh3 Be7 14. bxa6 Nxa6 15.
Bxa6 Qxa6 16. a3 d4 17. Ne4 Bxe4 18. Qxe4 Rb8 19. Qc2 O-O 20. Nf2 Qa5+ 21. b4
cxb4 22. O-O b3 23. Qe4 b2 24. Rab1 Qxa3 25. Qxd4 Nf5 26. Qxd7 Nxg3 27. hxg3
Rfc8 28. Rxb2 Qxb2 29. Qxe7 h6 30. e6 fxe6 31. Qxe6+ Kg7 32. Ng4 Qb6+ 33. Qxb6
Rxb6 34. Rd1 Rc7 35. Ne3 Re6 36. Kf2 Kg6 37. g4 Ra6 38. Rd3 Rb7 39. Kg3 Rc7 40.
Rb3 Rca7 1/2-1/2

[Event "Thüringenliga 2015/2016"]
[Site "?"]
[Date "2015.11.08"]
[Round "3"]
[White "Zehnter, Sebastian"]
[Black "Schneider, Christian"]
[Result "0-1"]
[WhiteElo "2196"]
[BlackElo "2181"]
[PlyCount "74"]
[EventDate "2015.??.??"]
[WhiteTeam "Ilmenauer SV"]
[BlackTeam "SG Blau-Weiß Stadtilm"]

1. e4 c5 2. Nf3 d6 3. d4 cxd4 4. Nxd4 Nf6 5. Nc3 a6 6. Be2 e5 7. Nb3 Be7 8. O-O
O-O 9. Be3 Qc7 10. Qd2 Nbd7 11. Nd5 Nxd5 12. exd5 b6 13. c4 a5 14. Rac1 a4 15.
Na1 f5 16. f4 exf4 17. Bxf4 Bf6 18. Rb1 Ne5 19. b3 axb3 20. axb3 Ng6 21. Be3 f4
22. Bf2 Bf5 23. Rbc1 Ne5 24. Nc2 Ra2 25. Qd1 f3 26. gxf3 Bg5 27. Ne3 Rxe2 28.
Qxe2 Bd3 29. Qb2 Nxf3+ 30. Kh1 Be4 31. Ng2 Bxc1 32. Qxc1 Qf7 33. Bg3 Qg6 34.
Rf2 h5 35. Qe3 h4 36. Bxd6 Qxd6 37. Ne1 Ng5+ 0-1